000 00531nam a2200169 i 4500
001 142066
003 ES-MaACL
005 20230906200433.0
007 t|
008 071002s1958 sp ||||1| spa d
100 1 _aWalker, James.
_9115929
245 1 0 _aYo y el dinero /
_cpor James Walker ; [traducida por Federico Armenter de Monasterio].
260 _aBarcelona :
_bFrancisco Casanovas,
_c[1958]
300 _a335 p. ;
_c22 cm.
700 1 _aArmenter de Monasterio, Federico.
_922956
852 _aES-MaACL
_jC-15002
_bR.42953
999 _c142066
_d142066